| 000 | 00539nam a2200217Ia 4500 | ||
|---|---|---|---|
| 003 | GCL | ||
| 008 | 140319s9999 xx 000 0 eng d | ||
| 040 |
_aGCL / _cGCL |
||
| 082 | 0 | 4 |
_aCC _b722.962 _bM P |
| 100 | 1 | _aMAURY, BERNARD | |
| 245 | 1 | 0 |
_aPALAIS ET MAISONS DU CAIRE, VOL:4 / _cMAURY, BERNARD |
| 260 |
_a[S.N] : _bI.F.A.O ، _c1983 |
||
| 300 | _a111 P | ||
| 650 | 0 | 4 | _aBUILDINGS |
| 650 | 0 | 4 | _aARCHITECTURE |
| 650 | 0 | 4 | _aBUILDING |
| 650 | 0 | 4 | _aHOUSES |
| 650 | 0 | 4 | _aCAIRO, EGYPT |
| 650 | 0 | 4 | _aEGYPT - PALACES |
| 942 |
_2ddc _cBK |
||
| 999 |
_c20299 _d20299 |
||